000 00428nam a2200169Ia 4500
008 170705s9999 xx 000 0 und d
020 _a9780545156561
245 _aBaa! Moo! What will we do? /
245 _cA. H. Benjamin ; illustrated by Jane Chapman.
260 _aNew York :
260 _bScholastic,
260 _c1996
300 _aunpaged :
300 _bcolor illustration ;
300 _c21cm.
500 _a600
999 _c336128
_d336128